<?xml version='1.0' encoding='UTF-8'?>
  <record xmlns="http://www.loc.gov/MARC21/slim">
    <leader>00000cam a22000007i 4500</leader>
    <controlfield tag="001">ocn902597803</controlfield>
    <controlfield tag="003">OCoLC</controlfield>
    <controlfield tag="005">20231213210205.5</controlfield>
    <controlfield tag="008">150130s1587    sz            000 0 lat d</controlfield>
    <datafield tag="040" ind1=" " ind2=" ">
      <subfield code="a">NLGGC</subfield>
      <subfield code="b">eng</subfield>
      <subfield code="e">rda</subfield>
      <subfield code="e">dcrmr</subfield>
      <subfield code="c">NLGGC</subfield>
      <subfield code="d">QGJ</subfield>
      <subfield code="d">OCLCO</subfield>
      <subfield code="d">OCLCL</subfield>
    </datafield>
    <datafield tag="029" ind1="0" ind2=" ">
      <subfield code="a">NLGGC</subfield>
      <subfield code="b">388943920</subfield>
    </datafield>
    <datafield tag="035" ind1=" " ind2=" ">
      <subfield code="a">(OCoLC)902597803</subfield>
    </datafield>
    <datafield tag="100" ind1="1" ind2=" ">
      <subfield code="a">Beregszászi, Péter,</subfield>
      <subfield code="e">author.</subfield>
      <subfield code="4">aut</subfield>
    </datafield>
    <datafield tag="245" ind1="1" ind2="0">
      <subfield code="a">De controversiis religionis hoc seculo motis, adversaria quaedam scripta :</subfield>
      <subfield code="b">in quibus vtriusqu[ue] partis dißidentium Argumenta, ad Scripturae divinae canonem explorantur, &amp; Iesuitis potißimum respondetur: /</subfield>
      <subfield code="c">conscripta &amp; edita à Petro Berexasio, Varadinensis Ecclesiae in Vngaria Ministro, &amp; à  &amp; à Matthia Thoraconymo, Patacinensis Gymnasij Rectore.</subfield>
    </datafield>
    <datafield tag="264" ind1=" " ind2="1">
      <subfield code="a">Basileae, :</subfield>
      <subfield code="b">[publisher not identified],</subfield>
      <subfield code="c">Anno Domini M. D. LXXXVII. [1587]</subfield>
    </datafield>
    <datafield tag="300" ind1=" " ind2=" ">
      <subfield code="a">[32], 523 [that is 521], [7] pages ;</subfield>
      <subfield code="c">16 cm (8vo)</subfield>
    </datafield>
    <datafield tag="336" ind1=" " ind2=" ">
      <subfield code="a">text</subfield>
      <subfield code="b">txt</subfield>
      <subfield code="2">rdacontent</subfield>
    </datafield>
    <datafield tag="337" ind1=" " ind2=" ">
      <subfield code="a">unmediated</subfield>
      <subfield code="b">n</subfield>
      <subfield code="2">rdamedia</subfield>
    </datafield>
    <datafield tag="338" ind1=" " ind2=" ">
      <subfield code="a">volume</subfield>
      <subfield code="b">nc</subfield>
      <subfield code="2">rdacarrier</subfield>
    </datafield>
    <datafield tag="340" ind1=" " ind2=" ">
      <subfield code="m">8vo</subfield>
      <subfield code="m">rdabf</subfield>
    </datafield>
    <datafield tag="500" ind1=" " ind2=" ">
      <subfield code="a">Imprint: Basileae, Anno Domini M. D. LXXXVII.</subfield>
    </datafield>
    <datafield tag="500" ind1=" " ind2=" ">
      <subfield code="a">Colophon: Basileae, anno Domini M.D.LXXXVII. Mense Martio.</subfield>
    </datafield>
    <datafield tag="505" ind1="0" ind2="0">
      <subfield code="g">1.</subfield>
      <subfield code="t">Oratio Marci Patris Iesuitae, habita in Sabariensi Synodo --</subfield>
      <subfield code="g">2.</subfield>
      <subfield code="t">Apologia pro Reformatis Ecclesijs, /</subfield>
      <subfield code="r">à Petro Berexasio, eidem Orationi opposita --</subfield>
      <subfield code="g">3.</subfield>
      <subfield code="t">Matthiae Thoraconymi Tractatus de Vnione Hypostatica duarum in Christo naturarum --</subfield>
      <subfield code="g">4.</subfield>
      <subfield code="t">Eiusdem Strenae, Examinitoribus propositionum de Coena Domini à Caspare Pilcio, Pastore Ecclesiae Sarosiensis, editaru[m], proposit[a]e --</subfield>
      <subfield code="g">5.</subfield>
      <subfield code="t">Eiusdem Discussio, septem Paralogismorum asserenda orali, ipsiusmet natiui corporis &amp; sanguinis Christi, perceptione, confictorum --</subfield>
      <subfield code="g">6.</subfield>
      <subfield code="t">Iesuitarum Carmen, aduersus auctores Iuliani Pseudocalendarij, Varadini impressi, Anno 1585. &amp; defensio Calendarij Gregoriani, Claudiopoli in Transsylvania edita --</subfield>
      <subfield code="g">7.</subfield>
      <subfield code="t">Ventilatio Scripti illius, quod inscriptu[m] est, Aduersus auctores Iuliani Pseudocalendarij &amp;c. /</subfield>
      <subfield code="r">Thoraconymo auctore --</subfield>
      <subfield code="g">8.</subfield>
      <subfield code="t">Eiusdem Defensio Ventilationum, aduersus Stephanum Aratorem, in quo multa de Iesuitarum ordinis institutione referuntur -- 9.</subfield>
      <subfield code="t">Epistola ad Stephanum Aratorem, de nouo Capite Ecclesiae &amp; de primatu Papae.</subfield>
    </datafield>
    <datafield tag="510" ind1="4" ind2=" ">
      <subfield code="a">Verzeichnis der im deutschen Sprachbereich erschienenen Drucke des 16. Jahrhunderts (VD 16),</subfield>
      <subfield code="c">B 1797</subfield>
    </datafield>
    <datafield tag="700" ind1="1" ind2=" ">
      <subfield code="a">Thoraconymus, Matthias,</subfield>
      <subfield code="d">approximately 1550-1586,</subfield>
      <subfield code="e">author.</subfield>
      <subfield code="4">aut</subfield>
    </datafield>
    <datafield tag="700" ind1="1" ind2=" ">
      <subfield code="a">Colbinger, Abraham,</subfield>
      <subfield code="e">dedicatee.</subfield>
      <subfield code="4">dte</subfield>
    </datafield>
    <datafield tag="700" ind1="1" ind2=" ">
      <subfield code="a">Grynaeus, Johann Jacob,</subfield>
      <subfield code="d">1540-1617,</subfield>
      <subfield code="e">author of introduction, etc.</subfield>
      <subfield code="4">aui</subfield>
      <subfield code="1">https://id.oclc.org/worldcat/entity/E39PBJqqCcQfX8BgkJ4PvJbyBP</subfield>
    </datafield>
    <datafield tag="752" ind1=" " ind2=" ">
      <subfield code="a">Switzerland</subfield>
      <subfield code="d">Basel,</subfield>
      <subfield code="e">publication place.</subfield>
      <subfield code="4">pup</subfield>
    </datafield>
  </record>